| 000 | 00476nam a2200169Ia 4500 | ||
|---|---|---|---|
| 999 |
_c33942 _d33942 |
||
| 003 | OSt | ||
| 005 | 20200908094621.0 | ||
| 008 | 190216s9999||||xx |||||||||||||| ||und|| | ||
| 040 | _coclc | ||
| 082 |
_a537.2 _bJHA/T |
||
| 100 |
_aJha, D K _94472 |
||
| 245 | 0 |
_aText Book Of Electrostatistics / _cD K Jha |
|
| 260 |
_bDiscovery Publishing House, _aDelhi: _c2005. |
||
| 300 | _a343p | ||
| 650 | _aPhysics | ||
| 942 |
_cBK _2ddc _h537.2 _iJHA/T _k537.2 _mJHA/T |
||